| 000 | 00634nam a2200145 a 4500 | ||
|---|---|---|---|
| 008 | 120416s1984 ||||||||||||||||| || u | ||
| 050 | _aPL 8005 Kas | ||
| 100 | _aKashoki, Mubanga E | ||
| 245 | 1 | 4 | _aThe African language as a tool of development |
| 260 |
_aKampala _bOAU Inter-African Bureau of Languages _c1984 |
||
| 300 | _a20p. | ||
| 350 | _a0.00 | ||
| 995 |
_aSPECIAL COLLECTIONS _D0.00 _e707421 _FCBU-MAIN LIBRARY (Kitwe) _H1 _I0.00 _jZAM PL 8005 Kas _M1 _UAVAILABLE _y024323 _ZZambiana Collection |
||
| 995 |
_aSPECIAL COLLECTIONS _D0.00 _e707422 _FCBU-MAIN LIBRARY (Kitwe) _H2 _I0.00 _jZAM PL 8005 Kas _M2 _UAVAILABLE _y024325 _ZZambiana Collection |
||
| 999 |
_c83795 _d83795 |
||